书目信息 |
| 题名: |
品味生活的DIY西点烘焙
|
|
| 作者: | 妍色 著 | |
| 分册: | ||
| 出版信息: | 哈尔滨 哈尔滨出版社 2010.01 |
|
| 页数: | 200页 | |
| 开本: | 23cm | |
| 丛书名: | 博菜众尝系列 | |
| 单 册: | ||
| 中图分类: | TS213.2 | |
| 科图分类: | ||
| 主题词: | 烘焙--hong bei--糕点加工 | |
| 电子资源: | ||
| ISBN: | 978-7-80753-904-9 | |
| 000 | 00905nam 2200253 450 | |
| 001 | 012010349618 | |
| 005 | 20100802154120.92 | |
| 010 | @a978-7-80753-904-9@dCNY28.80 | |
| 100 | @a20100802d2010 em y0chiy0120 ea | |
| 101 | 0 | @achi |
| 102 | @aCN@b230000 | |
| 105 | @aa z 000yy | |
| 106 | @ar | |
| 200 | 1 | @a品味生活的DIY西点烘焙@Apin wei sheng huo de DIY xi dian hong bei@f妍色著@Fyan se zhu |
| 210 | @a哈尔滨@c哈尔滨出版社@d2010.01 | |
| 215 | @a200页@c图@d23cm | |
| 225 | 2 | @a博菜众尝系列@Abo cai zhong chang xi lie |
| 330 | @a烘焙从一开始便唤起了你的好奇心,中间的过程充满着期待、充满着奇妙,一切都等待着你去探寻,直到最后,它会给你难以言表的幸福感觉。妍色为您奉献一本家庭西点制作实用手册。 | |
| 410 | 0 | @12001 @a博菜众尝系列 |
| 606 | 0 | @a烘焙@Ahong bei@x糕点加工 |
| 690 | @aTS213.2@v4 | |
| 701 | 0 | @a妍色@Ayan se@4著 |
| 801 | 0 | @aCN@bQSSK@c20100802 |
| 905 | @b786021-23@dTS213.2@eY081@f3 | |
| 品味生活的DIY西点烘焙/妍色著.-哈尔滨:哈尔滨出版社,2010.01 |
| 200页:图;23cm.-(博菜众尝系列) |
| ISBN 978-7-80753-904-9:CNY28.80 |
| 烘焙从一开始便唤起了你的好奇心,中间的过程充满着期待、充满着奇妙,一切都等待着你去探寻,直到最后,它会给你难以言表的幸福感觉。妍色为您奉献一本家庭西点制作实用手册。 |
| ● |
| 相关链接 |
|
|
|
正题名:品味生活的DIY西点烘焙
索取号:TS213.2/Y081
 
预约/预借
| 序号 | 登录号 | 条形码 | 馆藏地/架位号 | 状态 | 备注 |
| 1 | 786021 | 207860215 | 自科库501/ [索取号:TS213.2/Y081] | 在馆 | |
| 2 | 786022 | 207860224 | 自科库501/501自科库 72排1列4层/ [索取号:TS213.2/Y081] | 在馆 | |
| 3 | 786023 | 207860233 | 自科库501/501自科库 72排1列4层/ [索取号:TS213.2/Y081] | 在馆 |